000 00276nam a22001217a 4500
999 _c13918
_d13918
020 _a9780099590088
082 _a908
100 _aYuval Noah Harari
245 _aSapiens: A Brief History of Humankind
260 _aLondon
_bVintage
_c2014
300 _a498 pages
942 _cBK